000
00267nam a22001217a 4500
008
170424b xxu||||| |||| 00| 0 eng d
041
_a
eng
080
_a
543
100
_a
12
101
_a
SHM
245
_a
PHOTOMETRIC CHEMICAL ANALYSIS
_c
YOE. J.H
942
_2
udc
_c
BK
999
_c
11796
_d
11796